| 000 | 00602nam a22001817a 4500 | ||
|---|---|---|---|
| 999 |
_c13038 _d13038 |
||
| 003 | AR-CdUCM | ||
| 008 | 190411b ||||| |||| 00| 0 spa d | ||
| 040 |
_aMUNICIPALIDAD PROVINCIAL DEL CUSCO _cBIBLIOTECA MUNICIPAL DEL CUSCO |
||
| 082 |
_a869.521 / _bC17 |
||
| 245 |
_aMemoria y proyección del programan Montilla 92 : _bCasa del Inca / |
||
| 260 |
_aCórdoba : _c1994. |
||
| 300 |
_a31 paginas ; _bIlustraciones, _c24 cm. |
||
| 650 |
_aLiteratura peruana _9169 |
||
| 650 |
_aEnsayos _9375 |
||
| 710 |
_aCaja Provincial de ahorros Cordoba _931216 |
||
| 942 |
_2ddc _cLIBROS |
||
| 945 |
_arjall _d2019-04-11 |
||